| 000 | 00359nam a2200145Ia 4500 | ||
|---|---|---|---|
| 008 | 221030s9999 xx 000 0 und d | ||
| 041 | _aEnglish | ||
| 082 |
_a105.23 _bSub |
||
| 100 | _aN. Subramanian | ||
| 245 | 0 |
_aFortran Self - Taught _cby N. Subramanian |
|
| 260 |
_bWheeler Pub. _aNew Delhi _c1990 |
||
| 300 | _a226 | ||
| 650 | _aBE Computer | ||
| 942 | _cBK | ||
| 999 |
_c2539 _d2539 |
||